| 000 | 00700nam a2200217 a 4500 | ||
|---|---|---|---|
| 001 | 83865 | ||
| 003 | BD-RjUL | ||
| 005 | 20240602115021.0 | ||
| 008 | 240602s2002 bg ||||| |||| 00| 0 ben d | ||
| 035 | _a(BD-RjUL)83865 | ||
| 040 |
_aBD-RjUL _beng _cBD-RjUL |
||
| 041 | _aben | ||
| 082 |
_223 _a954.92 _bISD 2002 |
||
| 100 |
_aইসলাম, মোঃ সাইফুল _913256 |
||
| 245 |
_aদর্পণ / _cমোঃ সাইফুল ইসলাম |
||
| 260 |
_aবগুড়া : _bসিরীন আক্তার বানু, _c২০০২ |
||
| 300 |
_a৪৮ পৃ.; _c২১ সেমি. |
||
| 650 | _aবাংলাদেশ | ||
| 650 | _aBangladesh | ||
| 942 |
_2ddc _cBK |
||
| 999 |
_c83865 _d83865 |
||